[Event "WEM MT 2016"]
[Site "?"]
[Date "2016.09.02"]
[Round "7.10"]
[White "Namyslo, Holger"]
[Black "Engelhart, Achim"]
[Result "1-0"]
[WhiteElo "2278"]
[BlackElo "2131"]
[PlyCount "71"]
[EventDate "2016.??.??"]
[WhiteTeam "TG Biberach"]
[BlackTeam "SV Jedesheim"]

1. e4 e6 2. Nf3 d5 3. Nc3 Nf6 4. e5 Nfd7 5. d4 c5 6. dxc5 Bxc5 7. Bd3 Nc6 8.
Bf4 f6 9. exf6 Nxf6 10. Qe2 O-O 11. O-O-O a6 12. Ne5 Qa5 13. Kb1 Nb4 14. Bd2 b5
15. a3 Nxd3 16. Nxd5 Qd8 17. Nxf6+ Qxf6 18. Nxd3 Bb6 19. Rhe1 Bb7 20. Bc3 Qh6
21. Qxe6+ Qxe6 22. Rxe6 Bd8 23. Bb4 Rf6 24. Re8+ Kf7 25. Rf8+ Kg6 26. Ne5+ Kf5
27. Rfxd8 Rxd8 28. Rxd8 Bxg2 29. Nd3 h5 30. Rg8 g5 31. Be7 Rg6 32. Rxg6 Kxg6
33. Kc1 Kf5 34. Kd2 g4 35. Ke3 Bb7 36. Nf4 1-0

[Event "WEM MT 2016"]
[Site "?"]
[Date "2016.09.02"]
[Round "7.12"]
[White "Koch, Martin"]
[Black "Behrendt, Clemens"]
[Result "1-0"]
[WhiteElo "2059"]
[BlackElo "2129"]
[PlyCount "65"]
[EventDate "2016.??.??"]
[WhiteTeam "SC Botnang"]
[BlackTeam "SC Böblingen"]

1. e4 c5 2. Nf3 d6 3. c3 Nf6 4. Be2 Nbd7 5. Qc2 b6 6. O-O Bb7 7. d3 g6 8. Be3
Bg7 9. c4 O-O 10. Nc3 Ng4 11. Bd2 Rc8 12. h3 Nge5 13. Be3 Nxf3+ 14. Bxf3 Ne5
15. Be2 Nc6 16. Qd2 Nd4 17. Bh6 Nxe2+ 18. Nxe2 e6 19. Bxg7 Kxg7 20. Qe3 Re8 21.
Rad1 f5 22. Nc3 Qf6 23. f4 a6 24. e5 dxe5 25. fxe5 Qe7 26. d4 Ba8 27. d5 exd5
28. Nxd5 Qe6 29. Nxb6 Qxb6 30. Rd7+ Re7 31. Rxe7+ Kf8 32. Rxh7 Qxb2 33. Qh6+
1-0

[Event "WEM MT 2016"]
[Site "?"]
[Date "2016.09.02"]
[Round "7.13"]
[White "Kunert, Günter"]
[Black "Maisch, Julian"]
[Result "1/2-1/2"]
[WhiteElo "2032"]
[BlackElo "2113"]
[PlyCount "83"]
[EventDate "2016.??.??"]
[WhiteTeam "SV Dicker Turm Esslingen"]
[BlackTeam "SF Kornwestheim"]

1. e4 c5 2. Nf3 e6 3. d4 cxd4 4. Nxd4 Nc6 5. Nc3 Qc7 6. Be3 a6 7. Be2 Nf6 8. a3
b5 9. O-O Bb7 10. f4 Nxd4 11. Qxd4 Rc8 12. Bf3 Qc4 13. e5 Bxf3 14. Rxf3 Ng4 15.
Rd1 Qc6 16. Ne4 Qb7 17. Rd2 Rc4 18. Nd6+ Bxd6 19. Qxd6 Nxe3 20. Rxe3 Rxf4 21.
Red3 Qa7+ 22. Rd4 Rxd4 23. Rxd4 f6 24. exf6 gxf6 25. Kf1 Rg8 26. c4 Qb7 27. g4
Rg5 28. c5 Qf3+ 29. Ke1 Re5+ 30. Kd2 Qf2+ 31. Kc3 Qf3+ 32. Rd3 Qb7 33. h4 a5
34. b4 axb4+ 35. Kxb4 h5 36. g5 Re4+ 37. Rd4 fxg5 38. hxg5 Rxd4+ 39. Qxd4 Qa6
40. Qh8+ Ke7 41. Qf6+ Ke8 42. Qh8+ 1/2-1/2

[Event "WEM MT 2016"]
[Site "?"]
[Date "2016.09.02"]
[Round "7.14"]
[White "Reck, Moritz"]
[Black "Reimche, Vadim"]
[Result "1/2-1/2"]
[WhiteElo "2151"]
[BlackElo "2053"]
[PlyCount "219"]
[EventDate "2016.??.??"]
[WhiteTeam "TSV Schönaich"]
[BlackTeam "SF Ravensburg"]

1. e4 c5 2. Nc3 Nc6 3. g3 g6 4. Bg2 Bg7 5. d3 b6 6. Be3 Bb7 7. Qd2 d6 8. f4 e6
9. O-O-O Nge7 10. Nf3 Nd4 11. Nh4 Qc7 12. Bxd4 cxd4 13. Nb5 Qd7 14. Qb4 O-O 15.
Qxd6 Qxb5 16. Qxe7 Rab8 17. e5 Bxg2 18. Nxg2 Qd5 19. Nh4 Qxa2 20. Qb4 Rfd8 21.
Qa3 Qxa3 22. bxa3 Rbc8 23. Kb2 Rc5 24. Nf3 Bf8 25. Nd2 Rb5+ 26. Ka2 Ra5 27. Nc4
Ra6 28. Rb1 Rd5 29. Rb3 b5 30. Nd2 Rc6 31. Rc1 a5 32. Ne4 Be7 33. Rb2 Kg7 34.
Rcb1 b4 35. axb4 axb4 36. Ra1 g5 37. Kb3 gxf4 38. gxf4 Rd8 39. Ra7 Re8 40. Rb1
Kf8 41. Rg1 Rec8 42. Rg2 R6c7 43. Rxc7 Rxc7 44. Nf6 Bxf6 45. exf6 Rc5 46. Kxb4
Rf5 47. Rg4 Rxf6 48. Rh4 Rg6 49. Rxh7 Rg4 50. f5 exf5 51. Rh5 Rf4 52. Kc4 Kg7
53. Rg5+ Kf6 54. Rg2 Rh4 55. Kd5 Rf4 56. h3 Rh4 57. Rh2 Kg5 58. Ke5 f6+ 59. Kd5
Rf4 60. Ke6 Rf3 61. h4+ Kg4 62. h5 Re3+ 63. Kxf6 Kg3 64. Rh1 f4 65. h6 Kg2 66.
h7 Kxh1 67. h8=Q+ Kg2 68. Qg7+ Kf2 69. Kf5 f3 70. Kf4 Ke2 71. Qxd4 Re8 72. Kg3
Rg8+ 73. Kh2 f2 74. Qe4+ Kd2 75. Qf3 Ke1 76. Qe3+ Kf1 77. Qh3+ Ke1 78. Qe6+ Kd1
79. Qf7 Ke1 80. Qxg8 f1=Q 81. Qg2 Qf7 82. Kg3 Qc7+ 83. Kg4 Qg7+ 84. Kf3 Qb7+
85. Kg3 Qc7+ 86. Kh3 Qh7+ 87. Kg3 Qc7+ 88. Kg4 Qg7+ 89. Kh3 Qh7+ 90. Kg3 Qc7+
91. Kf3 Qb7+ 92. Kg3 Qc7+ 93. Kg4 Qg7+ 94. Kf3 Qb7+ 95. Kg3 Qc7+ 96. Kh3 Qh7+
97. Kg3 Qc7+ 98. Kg4 Qg7+ 99. Kh3 Qh7+ 100. Kg3 Qc7+ 101. Kf3 Qb7+ 102. Kg3
Qc7+ 103. Kh4 Qh7+ 104. Kg3 Qc7+ 105. Kg4 Qd7+ 106. Kg3 Qc7+ 107. Kh3 Qh7+ 108.
Kg4 Qg7+ 109. Kf3 Qb7+ 110. Kg3 1/2-1/2

[Event "WEM MT 2016"]
[Site "?"]
[Date "2016.09.02"]
[Round "8.1"]
[White "Hirneise, Jens"]
[Black "Pogan, Nikolas"]
[Result "1/2-1/2"]
[WhiteElo "2271"]
[BlackElo "2232"]
[PlyCount "25"]
[EventDate "2016.??.??"]
[WhiteTeam "SF Deizisau"]
[BlackTeam "Heilbronner SV"]

1. d4 f5 2. Nf3 Nf6 3. g3 g6 4. Bg2 Bg7 5. O-O O-O 6. c4 d6 7. Nc3 Qe8 8. b3 a5
9. Bb2 Na6 10. e3 h6 11. d5 e5 12. dxe6 Nc5 13. Qe2 1/2-1/2

[Event "WEM MT 2016"]
[Site "?"]
[Date "2016.09.02"]
[Round "8.2"]
[White "Gabriel, Josef"]
[Black "Gheng, Josef"]
[Result "1/2-1/2"]
[WhiteElo "2080"]
[BlackElo "2319"]
[PlyCount "159"]
[EventDate "2016.??.??"]
[WhiteTeam "Stuttgarter SF"]
[BlackTeam "SC Erdmannhausen"]

1. Nf3 Nf6 2. g3 c5 3. Bg2 Nc6 4. d3 h6 5. O-O e5 6. c4 Be7 7. Nc3 d6 8. e4 Bg4
9. h3 Be6 10. Nd5 Qd7 11. Kh2 g5 12. Ng1 O-O-O 13. f4 gxf4 14. gxf4 exf4 15.
Rxf4 Nh7 16. Bd2 Bg5 17. Rf2 Ne5 18. Bc3 Rhg8 19. d4 Nxc4 20. Qd3 Bh4 21. Re2
b5 22. Be1 Bxe1 23. Raxe1 cxd4 24. Qxd4 Kb8 25. a4 Ne5 26. axb5 Qxb5 27. Ra1
Rd7 28. Re3 Bxd5 29. exd5 Qc4 30. Ne2 Rg4 31. Qd1 Rg8 32. Nd4 Rxg2+ 33. Kxg2
Qxd5+ 34. Kh2 Rb7 35. Rb3 Ng5 36. Rxb7+ Qxb7 37. Rc1 Qxb2+ 38. Rc2 Qxd4 39.
Qb1+ Qb6 40. Rb2 Kc7 41. Rxb6 axb6 42. Kg2 f6 43. Qf5 Ngf7 44. Qxf6 b5 45. Kf2
Kc6 46. Ke2 Kd5 47. h4 Ke4 48. Qe6 d5 49. Qb6 d4 50. Qxb5 Nd6 51. Qb1+ d3+ 52.
Kf2 Kf5 53. Qb8 Ndc4 54. Qg8 Ke4 55. h5 Kd4 56. Qg1 Kc3 57. Qc1+ Kb3 58. Qb1+
Nb2 59. Qc1 Nbc4 60. Qb1+ Kc3 61. Qc1+ Kd4 62. Qf4+ Kd5 63. Kf1 d2 64. Ke2 Ng4
65. Qf5+ Kd6 66. Qf4+ Kc5 67. Qf5+ Kb6 68. Qe6+ Kc5 69. Qc8+ Kd6 70. Qd8+ Ke5
71. Qe8+ Kf4 72. Qb8+ Kg5 73. Qb5+ Nge5 74. Qe8 Kh4 75. Kd1 Nd3 76. Qd8+ Kxh5
77. Qxd3 Nb2+ 78. Kxd2 Nxd3 79. Kxd3 Kg4 80. Ke2 1/2-1/2

[Event "WEM MT 2016"]
[Site "?"]
[Date "2016.09.02"]
[Round "8.3"]
[White "Gabriel, Robert"]
[Black "Neyman, Igor"]
[Result "1/2-1/2"]
[WhiteElo "2170"]
[BlackElo "2271"]
[PlyCount "117"]
[EventDate "2016.??.??"]
[WhiteTeam "Stuttgarter SF"]
[BlackTeam "Stuttgarter SF"]

1. d4 Nf6 2. c4 e6 3. Nf3 c5 4. Nc3 a6 5. g3 cxd4 6. Nxd4 Qc7 7. Qd3 Nc6 8.
Nxc6 dxc6 9. Bg2 Be7 10. O-O O-O 11. b3 e5 12. Bb2 Be6 13. a4 Rad8 14. Qc2 a5
15. Rad1 Nd7 16. Rd2 Nc5 17. Ne4 Rxd2 18. Nxd2 g6 19. Bc3 Rd8 20. Qb2 f6 21.
Ne4 Qb6 22. Nxc5 Bxc5 23. e3 Bg4 24. Qc2 Rd7 25. Be4 Kg7 26. Kg2 Bb4 27. h3 Be6
28. Bxb4 Qxb4 29. Rd1 Kf7 30. g4 Ke7 31. Kg3 Rxd1 32. Qxd1 Qc3 33. Bc2 Bf7 34.
Kg2 Be8 35. Be4 Bd7 36. Kg3 Qb4 37. Qd3 Be6 38. Qd1 Qd6 39. Qe1 b6 40. f3 Kd7
41. Kf2 Kc7 42. Ke2 Qe7 43. h4 Bd7 44. Bc2 Qc5 45. Qd2 Qd6 46. Qxd6+ Kxd6 47.
Kd3 Kc5 48. Kc3 Kd6 49. g5 c5 50. Kd2 Ke7 51. Ke2 Kf7 52. Kf2 Bc6 53. Kg3 f5
54. f4 e4 55. Kf2 Kg7 56. Ke1 h5 57. Kd2 Kf7 58. Kc3 Ke6 59. Bd1 1/2-1/2

[Event "WEM MT 2016"]
[Site "?"]
[Date "2016.09.02"]
[Round "8.4"]
[White "Mareck, Sascha"]
[Black "Schulze, Ulrich"]
[Result "0-1"]
[WhiteElo "2159"]
[BlackElo "2301"]
[PlyCount "76"]
[EventDate "2016.??.??"]
[WhiteTeam "SV Nürtingen"]
[BlackTeam "Heilbronner SV"]

1. d4 Nf6 2. c4 g6 3. Nc3 d5 4. cxd5 Nxd5 5. Na4 Bg7 6. e4 Nb6 7. Be3 O-O 8.
Nf3 N8d7 9. Nc3 c6 10. a4 a5 11. Qb3 e6 12. Be2 Qe7 13. O-O h6 14. d5 Qb4 15.
Qa2 exd5 16. exd5 Nxd5 17. Nxd5 cxd5 18. Qxd5 Qxb2 19. Ra2 Nb6 20. Rxb2 Nxd5
21. Bd4 Bxd4 22. Nxd4 Nc3 23. Ra1 Rd8 24. Nb5 Nxe2+ 25. Rxe2 Bd7 26. Nc7 Rac8
27. Nd5 Kf8 28. Nb6 Bg4 29. f3 Rc6 30. Rb2 Be6 31. g4 Ke7 32. Re1 Rd4 33. Kf2
g5 34. Kg3 Kd6 35. Reb1 Kc7 36. Na8+ Kb8 37. Nb6 Ka7 38. Rb5 Rb4 0-1

[Event "WEM MT 2016"]
[Site "?"]
[Date "2016.09.02"]
[Round "8.5"]
[White "Zuferi, Enis"]
[Black "Weigand, Bernhard"]
[Result "1/2-1/2"]
[WhiteElo "2192"]
[BlackElo "2188"]
[PlyCount "66"]
[EventDate "2016.??.??"]
[WhiteTeam "Heilbronner SV"]
[BlackTeam "SV Nürtingen"]

1. d4 e6 2. c4 f5 3. g3 Nf6 4. Bg2 Be7 5. Nf3 O-O 6. O-O d5 7. b3 b6 8. Ba3
Bxa3 9. Nxa3 Qe7 10. Nb5 c6 11. Nc3 Nbd7 12. Rc1 Ba6 13. Na4 Rac8 14. c5 b5 15.
Nb2 e5 16. dxe5 Nxe5 17. Nxe5 Qxe5 18. Nd3 Qc7 19. b4 Rce8 20. e3 Ng4 21. Re1
g5 22. Bf1 Qg7 23. h3 Nf6 24. Kh2 Ne4 25. Rc2 Re6 26. Qa1 Qc7 27. f4 Rfe8 28.
Qd4 Bc8 29. Rce2 a5 30. a3 a4 31. Ne5 g4 32. h4 Rh6 33. Bg2 Qe7 1/2-1/2

[Event "WEM MT 2016"]
[Site "?"]
[Date "2016.09.02"]
[Round "8.6"]
[White "Schmidt, Tobias"]
[Black "Fischer, Sebastian"]
[Result "0-1"]
[WhiteElo "2174"]
[BlackElo "2229"]
[PlyCount "42"]
[EventDate "2016.??.??"]
[WhiteTeam "SC Erdmannhausen"]
[BlackTeam "TSV Schönaich"]

1. e4 d5 2. exd5 Qxd5 3. Nc3 Qa5 4. d4 Nf6 5. Nf3 Bf5 6. Bc4 e6 7. Bd2 Bb4 8.
Qe2 O-O 9. a3 Nc6 10. O-O-O Bxa3 11. bxa3 Qxa3+ 12. Kb1 b5 13. Bd3 Nb4 14. Be1
Rab8 15. Bxf5 exf5 16. Rd3 Rb6 17. Nd2 Re6 18. Qf3 Rfe8 19. Qd1 Nxd3 20. cxd3
Qxc3 21. Nf3 Qa3 0-1

[Event "WEM MT 2016"]
[Site "?"]
[Date "2016.09.02"]
[Round "8.8"]
[White "Amos, Frank"]
[Black "Namyslo, Holger"]
[Result "1/2-1/2"]
[WhiteElo "2075"]
[BlackElo "2278"]
[PlyCount "84"]
[EventDate "2016.??.??"]
[WhiteTeam "SK Lauffen"]
[BlackTeam "TG Biberach"]

1. e4 e6 2. d4 b6 3. Bd3 Bb7 4. Ne2 c5 5. c3 Nc6 6. O-O Nf6 7. a3 d6 8. b4 Be7
9. f4 O-O 10. Nd2 cxd4 11. cxd4 Re8 12. Bb2 Bf8 13. Ng3 g6 14. Nf3 Bg7 15. Qe2
a6 16. Rad1 b5 17. Nh1 Qb6 18. Nf2 Re7 19. g4 a5 20. Bc3 axb4 21. axb4 Na7 22.
Qb2 Rc8 23. Bd2 Rec7 24. Be3 d5 25. e5 Ne4 26. Nd2 Nc3 27. Rde1 Nc6 (27... Na4
28. Qa3 Rc3 29. Nb3) 28. Qxc3 Bf8 29. Qb2 Bxb4 30. Bb1 (30. Rc1 Bxd2 31. Qxd2
Nxd4 32. Bxd4 Qxd4 33. Rxc7 Rxc7 34. Qa5) 30... Be7 31. Nb3 b4 32. Rc1 Ba6 33.
Bd3 Bc4 34. f5 Nxe5 35. Rfd1 Bh4 36. Bf1 gxf5 (36... Bxf2+ 37. Bxf2 Nf3+ 38.
Kg2 Bxb3 39. Rxc7 Qxc7 40. Qxb3 Qxh2+ 41. Kxf3 Rc3+) 37. Nc5 Nf3+ 38. Kh1 Qd6
39. Nfd3 Bxd3 40. Nxd3 Rxc1 41. Rxc1 Rxc1 42. Bxc1 fxg4 1/2-1/2

[Event "WEM MT 2016"]
[Site "?"]
[Date "2016.09.02"]
[Round "8.9"]
[White "Latzke, Boris"]
[Black "Jaeschke, Armin"]
[Result "0-1"]
[WhiteElo "2218"]
[BlackElo "2122"]
[PlyCount "104"]
[EventDate "2016.??.??"]
[WhiteTeam "SK Bebenhausen"]
[BlackTeam "SC Ostfildern"]

1. d4 Nf6 2. c4 c5 3. d5 b5 4. cxb5 a6 5. f3 axb5 6. e4 Qa5+ 7. Bd2 b4 8. Na3
d6 9. Nc4 Qc7 10. Bd3 g6 11. Ne2 Bg7 12. O-O O-O 13. Qc2 Nbd7 14. a4 bxa3 15.
Rxa3 Rxa3 16. bxa3 Ba6 17. a4 Qa7 18. Kh1 Rb8 19. a5 Ne8 20. Rb1 Nc7 21. g3 Ne5
22. Nxe5 Rxb1+ 23. Qxb1 Bxe5 24. Qb6 Qxb6 25. axb6 Bxd3 26. bxc7 Ba6 27. f4 Bf6
28. e5 dxe5 29. Bc3 exf4 30. Bxf6 f3 31. Nf4 f2 32. c8=Q+ Bxc8 33. Kg2 f1=Q+
34. Kxf1 exf6 35. d6 Kf8 36. Nd5 Ke8 37. Nxf6+ Kd8 38. Ke2 Be6 39. Ke3 h6 40.
Kf4 c4 41. Ke3 Kc8 42. Kd4 Kb7 43. Ne4 Kc6 44. Ke5 Bf5 45. Nc3 f6+ 46. Kxf6
Kxd6 47. h3 h5 48. g4 hxg4 49. hxg4 Bc2 50. g5 Bd3 51. Na4 Kd5 52. Nb6+ Kd4 0-1

[Event "WEM MT 2016"]
[Site "?"]
[Date "2016.09.02"]
[Round "8.10"]
[White "Engelhart, Achim"]
[Black "Tschlatscher, Thomas"]
[Result "1/2-1/2"]
[WhiteElo "2131"]
[BlackElo "2092"]
[PlyCount "53"]
[EventDate "2016.??.??"]
[WhiteTeam "SV Jedesheim"]
[BlackTeam "Heilbronner SV"]

1. e4 e6 2. d4 d5 3. Nd2 Nf6 4. e5 Nfd7 5. c3 c5 6. Bd3 Nc6 7. Ne2 cxd4 8. cxd4
f6 9. exf6 Nxf6 10. O-O Bd6 11. Nf3 O-O 12. Bf4 Nh5 13. Bxd6 Qxd6 14. Qd2 Bd7
15. Rad1 Nf4 16. Nxf4 Rxf4 17. Bb5 Raf8 18. Bxc6 Bxc6 19. Ne5 Bb5 20. Rfe1 Rxf2
21. Qxf2 Rxf2 22. Kxf2 Qb4 23. Nf3 Qxb2+ 24. Rd2 Qb4 25. Rxe6 Bd7 26. Ree2 Bg4
27. h3 1/2-1/2

[Event "WEM MT 2016"]
[Site "?"]
[Date "2016.09.02"]
[Round "8.11"]
[White "Wendler, Werner"]
[Black "Koch, Martin"]
[Result "1/2-1/2"]
[WhiteElo "2062"]
[BlackElo "2059"]
[PlyCount "125"]
[EventDate "2016.??.??"]
[WhiteTeam "SK Bebenhausen"]
[BlackTeam "SC Botnang"]

1. d4 Nf6 2. g3 d5 3. Bg2 c5 4. Nf3 cxd4 5. O-O Bd7 6. Nxd4 e5 7. Nb3 Bc6 8.
Bd2 a5 9. a4 Be7 10. e3 O-O 11. Bc3 Nbd7 12. N1d2 Bb4 13. Bxb4 axb4 14. a5 Qc7
15. Qe2 b6 16. a6 Nc5 17. c4 bxc3 18. bxc3 Qd7 19. c4 Nxb3 20. Nxb3 dxc4 21.
Rfd1 Qe6 22. Nd2 Bxg2 23. Kxg2 b5 24. a7 Qb6 25. Rdb1 Rfc8 26. f3 c3 27. Rxb5
Qc7 28. Nb3 Rxa7 29. Rc1 Qd6 30. Rd1 Qe6 31. Rc1 g6 32. Rc2 Ra3 33. Nc1 Qc6 34.
Rb4 Nd5 35. Rb1 Qc5 36. Kf2 Nb4 37. Nd3 Nxd3+ 38. Qxd3 Qa5 39. Rd1 Rb3 40. Ke1
Qa3 41. Rdc1 Qa5 42. Kf1 Qb4 43. Kg2 h5 44. h4 Rc5 45. Kh3 Qb7 46. e4 Qc6 47.
g4 hxg4+ 48. fxg4 Qc7 49. g5 Qa5 50. h5 gxh5 51. Kh4 Qc7 52. Kxh5 Rc4 53. Qd5
Rbb4 54. g6 Rxe4 55. gxf7+ Qxf7+ 56. Qxf7+ Kxf7 57. Rxc3 Ke6 58. Rg3 Rf4 59.
Ra1 Kf5 60. Rg5+ Ke6 61. Ra6+ Kd5 62. Ra5+ Kd4 63. Raxe5 1/2-1/2

[Event "WEM MT 2016"]
[Site "?"]
[Date "2016.09.02"]
[Round "8.12"]
[White "Maisch, Julian"]
[Black "Behrendt, Clemens"]
[Result "1/2-1/2"]
[WhiteElo "2113"]
[BlackElo "2129"]
[PlyCount "123"]
[EventDate "2016.??.??"]
[WhiteTeam "SF Kornwestheim"]
[BlackTeam "SC Böblingen"]

1. e4 d5 2. exd5 Nf6 3. Nc3 Nxd5 4. Bc4 Nxc3 5. bxc3 e6 6. d4 c6 7. Bd3 Nd7 8.
Bd2 Ba3 9. Nh3 Nf6 10. Nf4 Qa5 11. Rb1 Bd6 12. O-O O-O 13. c4 Qc7 14. g3 e5 15.
c5 Be7 16. dxe5 Qxe5 17. Re1 Qc7 18. Bc3 Ng4 19. h3 Bf6 20. Bd2 Ne5 21. Nh5 Qd8
22. Nxf6+ Qxf6 23. Rxe5 Qxe5 24. Qf3 Qd5 25. Qxd5 cxd5 26. Kg2 f5 27. Bf4 Re8
28. Bd6 g6 29. a4 Kf7 30. a5 Re6 31. Bb5 a6 32. Ba4 Re4 33. Bb3 Be6 34. Ba2 Ra4
35. Rxb7+ Kf6 36. Bb3 Rxa5 37. f4 Bg8 38. Be5+ Ke6 39. c6 Rc8 40. Rb6 Ke7 41.
Bc3 Rb5 42. Rxa6 d4 43. Ba4 Bd5+ 44. Kf2 dxc3 45. Bxb5 Be4 46. Ra3 Bxc2 47.
Rxc3 Be4 48. c7 Kd6 49. Ke3 Rxc7 50. Rxc7 Kxc7 51. h4 Bd5 52. Kd4 Kd6 53. Be8
Bf3 54. Bf7 Ke7 55. Bg8 Kf6 56. Bb3 h6 57. Bc2 Bg4 58. Kd5 Bf3+ 59. Kd6 Bg4 60.
Kd7 g5 61. hxg5+ hxg5 62. fxg5+ 1/2-1/2

[Event "WEM MT 2016"]
[Site "?"]
[Date "2016.09.02"]
[Round "8.13"]
[White "Reimche, Vadim"]
[Black "Kunert, Günter"]
[Result "0-1"]
[WhiteElo "2053"]
[BlackElo "2032"]
[PlyCount "102"]
[EventDate "2016.??.??"]
[WhiteTeam "SF Ravensburg"]
[BlackTeam "SV Dicker Turm Esslingen"]

1. d4 Nf6 2. f3 d5 3. e4 dxe4 4. Nc3 exf3 5. Nxf3 Bf5 6. Bd3 Bxd3 7. Qxd3 a6 8.
Bg5 Nc6 9. O-O e6 10. Ne4 Be7 11. Nxf6+ Bxf6 12. Bxf6 gxf6 13. c3 Qd6 14. b4
Ne7 15. Nd2 f5 16. Nc4 Qd5 17. Ne3 Qe4 18. Qd2 O-O 19. Rae1 Qh4 20. Nc4 Ng6 21.
Rf3 Rad8 22. Rh3 Qf6 23. Qh6 Qg7 24. Qg5 f6 25. Qe3 Rfe8 26. Qf2 f4 27. Rh5 Qf7
28. Nd2 e5 29. Ne4 exd4 30. cxd4 f5 31. Ng5 Rxe1+ 32. Qxe1 Qd7 33. Nf3 Re8 34.
Qb1 Re4 35. h3 Qd5 36. Qc2 c6 37. Kh2 Kg7 38. a4 h6 39. Qb2 Ne7 40. Qf2 Ng6 41.
Qc2 Ne7 42. Qf2 Qe6 43. Ne5 Nd5 44. Rh4 Qf6 45. Kg1 Nc3 46. Nf3 Ne2+ 47. Kf1
Ng3+ 48. Kg1 Re2 49. Rxf4 Rxf2 50. Kxf2 Ne4+ 51. Kg1 Nc3 0-1

[Event "WEM MT 2016"]
[Site "?"]
[Date "2016.09.04"]
[Round "9.1"]
[White "Gheng, Josef"]
[Black "Hirneise, Jens"]
[Result "1/2-1/2"]
[WhiteElo "2319"]
[BlackElo "2271"]
[PlyCount "67"]
[EventDate "2016.??.??"]
[WhiteTeam "SC Erdmannhausen"]
[BlackTeam "SF Deizisau"]

1. c4 g6 2. g3 Bg7 3. Bg2 c5 4. Nh3 Nc6 5. Nc3 e6 6. d3 Nge7 7. Nf4 d6 8. h4 h6
9. Bd2 b6 10. a3 Bb7 11. b4 Qd7 12. Rb1 O-O 13. O-O Ne5 14. e4 N5c6 15. Bh3 Nd4
16. Bg2 Rac8 17. Re1 Kh7 18. Nh3 cxb4 19. Rxb4 Nec6 20. Rb1 Ne5 21. Nf4 f5 22.
h5 g5 23. Ng6 Nxg6 24. hxg6+ Kxg6 25. Nb5 fxe4 26. Rxe4 Nxb5 27. Rxb5 d5 28.
Rg4 Kh7 29. Qe2 dxc4 30. dxc4 Bxg2 31. Kxg2 Rf5 32. Rb3 Rd8 33. Be3 Qd1 34.
Qxd1 1/2-1/2

[Event "WEM MT 2016"]
[Site "?"]
[Date "2016.09.04"]
[Round "9.2"]
[White "Pogan, Nikolas"]
[Black "Gabriel, Robert"]
[Result "1/2-1/2"]
[WhiteElo "2232"]
[BlackElo "2170"]
[PlyCount "31"]
[EventDate "2016.??.??"]
[WhiteTeam "Heilbronner SV"]
[BlackTeam "Stuttgarter SF"]

1. c4 e6 2. Nf3 d5 3. d4 Nf6 4. g3 dxc4 5. Bg2 c5 6. O-O Nc6 7. dxc5 Qxd1 8.
Rxd1 Bxc5 9. Nbd2 c3 10. bxc3 e5 11. Nb3 Bb6 12. Nfd2 Be6 13. Ba3 O-O-O 14. Nc5
Bxc5 15. Bxc5 Kc7 16. Nb3 1/2-1/2

[Event "WEM MT 2016"]
[Site "?"]
[Date "2016.09.04"]
[Round "9.3"]
[White "Schulze, Ulrich"]
[Black "Gabriel, Josef"]
[Result "1-0"]
[WhiteElo "2301"]
[BlackElo "2080"]
[PlyCount "67"]
[EventDate "2016.??.??"]
[WhiteTeam "Heilbronner SV"]
[BlackTeam "Stuttgarter SF"]

1. d4 g6 2. e4 Bg7 3. Nf3 c5 4. c3 cxd4 5. cxd4 Nf6 6. e5 Nd5 7. Qb3 Nb6 8. a4
d6 9. Ng5 O-O 10. a5 Nc6 11. axb6 Nxd4 12. Qd1 Qxb6 13. Bc4 Bxe5 14. Nc3 e6 15.
O-O d5 16. Re1 Bg7 17. Ba2 Qb4 18. Bxd5 exd5 19. Ra4 Qc5 20. Be3 h6 21. Nxf7
Rxf7 22. Bxd4 Qc6 23. Bxg7 Kxg7 24. Nxd5 Qc5 25. Qd2 Bd7 26. Rh4 g5 27. b4 Qf8
28. Rd4 Bc6 29. h4 Bxd5 30. Rxd5 gxh4 31. Re6 Rf6 32. Rd7+ Kg8 33. Ree7 Re8 34.
Qd5+ 1-0

[Event "WEM MT 2016"]
[Site "?"]
[Date "2016.09.04"]
[Round "9.4"]
[White "Neyman, Igor"]
[Black "Zuferi, Enis"]
[Result "1-0"]
[WhiteElo "2271"]
[BlackElo "2192"]
[PlyCount "91"]
[EventDate "2016.??.??"]
[WhiteTeam "Stuttgarter SF"]
[BlackTeam "Heilbronner SV"]

1. Nf3 Nf6 2. c4 c5 3. Nc3 d5 4. cxd5 Nxd5 5. g3 g6 6. Bg2 Bg7 7. O-O O-O 8. a3
c4 9. Qc2 Nc6 10. Rd1 Bg4 11. Nxd5 Qxd5 12. d3 cxd3 13. Rxd3 Qh5 14. Qa4 Rfd8
15. Rxd8+ Rxd8 16. Be3 Rd7 17. Qb3 e5 18. Rc1 h6 19. h4 Qf5 20. Qc4 Bh3 21.
Bxh3 Qxh3 22. b4 Kh7 23. b5 Nd4 24. Bxd4 exd4 25. Qd3 Qe6 26. Rc4 Qd5 27. a4
Bf6 28. Nd2 Kg7 29. Ne4 Be7 30. Nd2 Bf6 31. Nb3 Kg8 32. Rc5 Qd6 33. Kg2 h5 34.
Rc8+ Kg7 35. Nc5 Re7 36. Qf3 Qe5 37. Kf1 b6 38. Nd3 Qe4 39. Qxe4 Rxe4 40. Ra8
Re7 41. Nb4 Rd7 42. Nc6 d3 43. exd3 Rxd3 44. Rxa7 Ra3 45. a5 bxa5 46. b6 1-0

[Event "WEM MT 2016"]
[Site "?"]
[Date "2016.09.04"]
[Round "9.5"]
[White "Weigand, Bernhard"]
[Black "Fischer, Sebastian"]
[Result "0-1"]
[WhiteElo "2188"]
[BlackElo "2229"]
[PlyCount "50"]
[EventDate "2016.??.??"]
[WhiteTeam "SV Nürtingen"]
[BlackTeam "TSV Schönaich"]

1. e4 d5 2. exd5 Qxd5 3. Nc3 Qa5 4. d4 Nf6 5. Bd2 Qb6 6. Nf3 Bg4 7. h3 Bh5 8.
Bc4 Nbd7 9. Bb3 O-O-O 10. g4 Bg6 11. Qe2 e6 12. a3 Bd6 13. O-O-O c5 14. Ne5
cxd4 15. Nc4 Qa6 16. Nxd6+ Qxd6 17. Nb5 Qb6 18. Qc4+ Kb8 19. Nxd4 Nd5 20. Be3
Nxe3 21. fxe3 Ne5 22. Qb4 Qxb4 23. axb4 h5 24. g5 h4 25. c3 Nd3+ 0-1

[Event "WEM MT 2016"]
[Site "?"]
[Date "2016.09.04"]
[Round "9.6"]
[White "Kabisch, Thilo"]
[Black "Mareck, Sascha"]
[Result "1-0"]
[WhiteElo "2292"]
[BlackElo "2159"]
[PlyCount "73"]
[EventDate "2016.??.??"]
[WhiteTeam "SK Schmiden/Cannstatt"]
[BlackTeam "SV Nürtingen"]

1. e4 c5 2. Nf3 e6 3. d4 cxd4 4. Nxd4 Nc6 5. Nb5 d6 6. c4 Nf6 7. N1c3 a6 8. Na3
Be7 9. Be2 Qc7 10. O-O b6 11. Bf4 Ne5 12. Re1 Bb7 13. Bf1 O-O 14. Rc1 Rac8 15.
h3 Qb8 16. Kh1 Qa8 17. Qd4 Ng6 18. Bh2 d5 19. cxd5 Bc5 20. Qd2 exd5 21. e5 Ne4
22. Nxe4 dxe4 23. Nc4 Rcd8 24. Nd6 e3 25. Rxe3 Bxe3 26. Qxe3 Bd5 27. f4 b5 28.
f5 Ne7 29. f6 Ng6 30. Nf5 Bxa2 31. Qg5 Qe4 32. Ne7+ Kh8 33. fxg7+ Kxg7 34. Qf6+
Kh6 35. Nf5+ Kh5 36. Be2+ Qxe2 37. g4+ 1-0

[Event "WEM MT 2016"]
[Site "?"]
[Date "2016.09.04"]
[Round "9.7"]
[White "Namyslo, Holger"]
[Black "Grill, Bernd"]
[Result "1/2-1/2"]
[WhiteElo "2278"]
[BlackElo "2231"]
[PlyCount "61"]
[EventDate "2016.??.??"]
[WhiteTeam "TG Biberach"]
[BlackTeam "SV Ebersbach"]

1. e4 d6 2. d4 Nf6 3. Nc3 c6 4. Be3 Qb6 5. Qd2 Qxb2 6. Rb1 Qa3 7. Nf3 g6 8. Bd3
Bg7 9. O-O O-O 10. Ne2 d5 11. Rb3 Qxb3 12. axb3 dxe4 13. Bxe4 Nxe4 14. Qb4 Re8
15. Nf4 Na6 16. Qa4 Nc7 17. c4 a5 18. Rc1 b5 19. Qa2 Ne6 20. Qc2 Nxf4 21. Bxf4
Nd6 (21... Bf5 22. g4 Ng5 23. gxf5 Nxf3+ 24. Kg2 Nxd4) 22. cxb5 cxb5 23. Bxd6
exd6 24. Qc6 Bg4 25. Qxb5 Bxf3 26. gxf3 Bxd4 27. Rc7 Bc5 28. Qc4 Re6 29. Kg2
Rf6 30. Qb5 Bb4 31. Qc6 1/2-1/2

[Event "WEM MT 2016"]
[Site "?"]
[Date "2016.09.04"]
[Round "9.8"]
[White "Jaeschke, Armin"]
[Black "Schmidt, Tobias"]
[Result "0-1"]
[WhiteElo "2122"]
[BlackElo "2174"]
[PlyCount "84"]
[EventDate "2016.??.??"]
[WhiteTeam "SC Ostfildern"]
[BlackTeam "SC Erdmannhausen"]

1. d4 e6 2. c4 Nf6 3. Nc3 d5 4. cxd5 exd5 5. Bg5 c6 6. Qc2 g6 7. e3 Bf5 8. Bd3
Bxd3 9. Qxd3 Nbd7 10. Nf3 Be7 11. O-O O-O 12. Rab1 a5 13. a3 Ne4 14. Bh6 Re8
15. Nxe4 dxe4 16. Qxe4 Bxa3 17. Qf4 Bf8 18. Bxf8 Nxf8 19. Ne5 f6 20. Ng4 f5 21.
Ne5 Ne6 22. Qh6 a4 23. h4 Ng7 24. f3 c5 25. Rbd1 Qc8 26. Rc1 b6 27. Rfd1 Qe6
28. Qg5 Rac8 29. f4 Qb3 30. Nc4 cxd4 31. Rxd4 Ne6 32. Qf6 Nxd4 33. Qxd4 b5 34.
Rc3 bxc4 35. Rxb3 axb3 36. h5 c3 37. bxc3 b2 38. Qd5+ Kh8 39. Qd4+ Kg8 40. Qd5+
Kf8 41. Qd6+ Kg7 42. Qd7+ Kh6 0-1